| 000 | 00940cam a22002775i 4500 | ||
|---|---|---|---|
| 999 |
_c28613 _d28584 |
||
| 001 | 19481931 | ||
| 003 | EG-ScBUE | ||
| 005 | 20200826145415.0 | ||
| 008 | 170206s2017 nyua f b 001 0 eng d | ||
| 020 | _a9781138124998 (pbk) | ||
| 040 |
_aDLC _beng _erda _cDLC _dDLC _dEG-ScBUE |
||
| 082 | 0 | 4 |
_a791.450232 _bCUR _222 |
| 100 | 1 |
_aCury, Ivan _eauthor. |
|
| 245 | 1 | 0 |
_aDirecting and producing for television : _ba format approach / _cIvan Cury. |
| 250 | _aFifth edition. | ||
| 264 | 1 |
_aNew York ; _aLondon: _bRoutledge / Taylor & Francis Group, _c2017. |
|
| 300 |
_axi, 325 pages : _billustrations (some color) ; _c29 cm |
||
| 336 |
_atext _btxt _2rdacontent |
||
| 337 |
_aunmediated _bn _2rdamedia |
||
| 338 |
_avolume _bnc _2rdacarrier |
||
| 504 | _aIncludes bibliographical references and index. | ||
| 650 | 7 |
_aTelevision _xProduction and direction. _2BUEsh |
|
| 653 |
_bCOMAME _cAugust2020 |
||
| 655 |
_vText book _933728 |
||
| 942 |
_2ddc _cBB |
||